000 00457nam a2200181Ia 4500
001 23435
005 20260414150937.0
008 260414t2014||||xx |||||||||||||| ||spa||
041 _aESP
082 _a650.01513
_bC268 T. 2
100 _aCourt M., Eduardo
_eAUT
245 0 _aTeoría del interés :
_bmétodos cunatitativos para finanzas
260 _c2014
300 _axxvii
_c24 cm.
650 _aGEN
654 _aCCO
942 _cLIB
_dJUS
_fJUS
_2ddc
_n
999 _c23435
_d23435